00000000nam 2200000zi 4500
0019.945393
003CaOODSP
00520250506145325
006m     o  d f      
007cr mn|||||||||
008240119s1979    oncbd   ob   f000 0 fre d
040 |aCaOODSP|bfre|erda|cCaOODSP
043 |an-cn---
0861 |aC2-667/1979F-PDF
24500|aFruits et légumes traités : |bdocument de travail.
264 1|a[Ottawa] : |bAgriculture Canada, Industrie et commerce, |c[1979].
300 |a1 ressource en ligne (1 volume (pagination multiple)) : |bcartes, graphiques
336 |atexte|btxt|2rdacontent/fre
337 |ainformatique|bc|2rdamedia/fre
338 |aressource en ligne|bcr|2rdacarrier/fre
500 |aÉdition numérisée de l'imprimé [par Innovation, sciences et développement économique Canada].
500 |aPublié aussi en anglais sous le titre : Processed fruit and vegetable products : working paper.
500 |a"Un document de travail rédigé pour le groupe consultatif de développement des marchés d'exportation."
650 6|aAliments transformés|zCanada.
7101 |aCanada. |bIndustrie et commerce, |eorganisme de publication.
7101 |aCanada.|bAgriculture Canada, |eissuing body.
77508|tProcessed fruit and vegetable products : |w(CaOODSP)9.932904
85640|qPDF|s1.13 Mo|uhttps://publications.gc.ca/collections/collection_2024/isde-ised/c2/C2-667-1979-fra.pdf